Basic Microbiology: (Record no. 330242)

000 -LEADER
fixed length control field nam a22 7a 4500
003 - CONTROL NUMBER IDENTIFIER
control field NUST
005 - DATE AND TIME OF LATEST TRANSACTION
control field 20170615105835.0
008 - FIXED-LENGTH DATA ELEMENTS--GENERAL INFORMATION
fixed length control field 170615b xxu||||| |||| 00| 0 eng d
020 ## - INTERNATIONAL STANDARD BOOK NUMBER
International Standard Book Number 9788170356820
040 ## - CATALOGING SOURCE
Transcribing agency 0
082 ## - DEWEY DECIMAL CLASSIFICATION NUMBER
Classification number 579 KHU
100 ## - MAIN ENTRY--PERSONAL NAME
Personal name Khuntia,B.K.
9 (RLIN) 2679
245 ## - TITLE STATEMENT
Title Basic Microbiology:
Remainder of title An Illustrated Laboratory Manual
Statement of responsibility, etc. B.K.Khuntia
260 ## - PUBLICATION, DISTRIBUTION, ETC.
Place of publication, distribution, etc. New Delhi
Name of publisher, distributor, etc. Daya Publishing House
Date of publication, distribution, etc. 2011
300 ## - PHYSICAL DESCRIPTION
Extent 299p.
500 ## - GENERAL NOTE
General note H.B
942 ## - ADDED ENTRY ELEMENTS (KOHA)
Source of classification or shelving scheme
Koha item type Book
Call number prefix IESE
Holdings
Withdrawn status Lost status Source of classification or shelving scheme Damaged status Not for loan Collection code Permanent Location Current Location Shelving location Date acquired Total Checkouts Full call number Barcode Date last seen Price effective from Koha item type
            Central Library (CL) Central Library (CL) General Stacks 06/15/2017   579 KHU IESE-2725 06/15/2017 06/15/2017 Book
© 2023 Central Library, National University of Sciences and Technology. All Rights Reserved.